Lecciones de cosas : (Record no. 33985)
[ view plain ]
| 000 -CABECERA | |
|---|---|
| campo de control de longitud fija | 01013cam a2200277 a 4500 |
| 003 - IDENTIFICADOR DEL NÚMERO DE CONTROL | |
| campo de control | MX-MxUPN |
| 005 - FECHA Y HORA DE LA ÚLTIMA TRANSACCIÓN | |
| campo de control | 20240415094309.0 |
| 008 - ELEMENTOS DE LONGITUD FIJA--INFORMACIÓN GENERAL | |
| campo de control de longitud fija | 991125s1921 |us br 000 0 spa d |
| 035 ## - NÚMERO DE CONTROL DEL SISTEMA | |
| Número de control de sistema | UPN01000033985 |
| 040 ## - FUENTE DE LA CATALOGACIÓN | |
| Centro catalogador/agencia de origen | MX-MxUPN |
| Lengua de catalogación | spa |
| 041 0# - CÓDIGO DE IDIOMA | |
| Código de lengua del texto/banda sonora o título independiente | spa |
| 050 14 - SIGNATURA TOPOGRÁFICA DE LA BIBLIOTECA DEL CONGRESO | |
| Número de clasificación | LB1585 E6 |
| Número de documento/Ítem | S54 1921 |
| 100 1# - ASIENTO PRINCIPAL--NOMBRE PERSONAL | |
| Nombre de persona | Sheldon, E. A. |
| Forma completa/desarrollada del nombre | (Edward Austin), |
| Fechas asociadas al nombre | 1823-1897 |
| 9 (RLIN) | 49019 |
| 245 10 - MENCIÓN DE TÍTULO | |
| Título | Lecciones de cosas : |
| Resto del título | en series graduadas, con nociones de objetos comunes |
| 260 ## - PUBLICACIÓN, DISTRIBUCIÓN, ETC. | |
| Lugar de publicación, distribución, etc. | New York ; |
| -- | London : |
| Nombre del editor, distribuidor, etc. | D. Appleton and Company, |
| Fecha de publicación, distribución, etc. | 1921. |
| 300 ## - DESCRIPCIÓN FÍSICA | |
| Extensión | 355 páginas |
| 490 0# - MENCIÓN DE SERIE | |
| Mención de serie | Biblioteca del maestro |
| 506 0# - NOTA DE RESTRICCIONES AL ACCESO | |
| Limitaciones de acceso | Acceso abierto. |
| 530 ## - NOTA DE FORMATO FÍSICO ADICIONAL DISPONIBLE | |
| Nota de formato físico adicional disponible | También disponible en línea. |
| 536 ## - NOTA DE INFORMACIÓN SOBRE FINANCIAMIENTO | |
| Texto de la nota | Libros de texto digitalizados bajo el patrocinio del Instituto Georg-Eckert. |
| 650 #4 - ASIENTO SECUNDARIO DE MATERIA - TERMINO TEMATICO | |
| Término de materia o nombre geográfico como elemento de entrada | Ciencias naturales |
| Subdivisión general | Estudio y enseñanza (Elemental) |
| 9 (RLIN) | 2812 |
| 650 #4 - ASIENTO SECUNDARIO DE MATERIA - TERMINO TEMATICO | |
| Término de materia o nombre geográfico como elemento de entrada | Ciencias naturales |
| Subdivisión de forma | Libros de texto |
| 9 (RLIN) | 10151 |
| 856 40 - LOCALIZACIÓN Y ACCESO ELECTRÓNICOS | |
| Identificador Uniforme del Recurso | <a href="http://200.23.113.51/pdf/librosdetexto2/123497.pdf">http://200.23.113.51/pdf/librosdetexto2/123497.pdf</a> |
| 902 ## - ELEMENTOS DE DATOS B LOCAL, LDB (RLIN) | |
| Modificó | VíctorGodínez/080424 |
| 942 ## - ELEMENTOS DE PUNTO DE ACCESO ADICIONAL (KOHA) | |
| Fuente del sistema de clasificación o colocación | Library of Congress Classification |
| Tipo de ítem Koha | Libro |
| Estado de retiro | Estado de pérdida | Fuente del sistema de clasificación o colocación | Estado dañado | No para préstamo | Código de colección | Localización permanente | Ubicación/localización actual | Ubicación en estantería | Fecha de adquisición | Total de préstamos | Clasificación | Código de barras | Fecha visto por última vez | Fecha del último préstamo | Tipo de ítem Koha | Identificador Uniforme del Recurso | Precio válido a partir de |
|---|---|---|---|---|---|---|---|---|---|---|---|---|---|---|---|---|---|
| Library of Congress Classification | En proceso | Libros de texto | Bib. Gregorio Torres Quintero | Bib. Gregorio Torres Quintero | Colecciones especiales Planta alta | 25/05/2023 | 1 | LB1585 E6 S54 1921 | 123497 | 16/02/2024 | 17/01/2024 | Libro | |||||
| Library of Congress Classification | Colección Libros de Texto GEI/UPN | Bib. Gregorio Torres Quintero | Bib. Gregorio Torres Quintero | En línea | 08/04/2024 | LB1585 | 08/04/2024 | Libro Electrónico | http://200.23.113.51/pdf/librosdetexto2/123497.pdf | 08/04/2024 |
